MARC

LEADER 00000nam0a2200000 4500
001 56130
005 20231101211602.0
035 |a (RuTPU)RU\TPU\book\58922 
090 |a 56130 
100 |a 20030924d1988 m y0rusy50 ca 
101 0 |a rus 
102 |a RU 
105 |a a j 001zy 
200 1 |a Поверхностно-активные вещества: синтез, анализ, свойства, применение  |e учебное пособие  |f А. А. Абрамзон, С. И. Файнгольд, Л. П. Зайченко  |g под ред. А. А. Абрамзона 
210 |a Ленинград  |c Химия  |d 1988 
215 |a 199 с.  |c ил. 
320 |a Библиогр.: с. 200. 
606 1 |a Поверхностно-активные вещества  |x Синтез  |x Применение  |x Анализ  |2 stltpush  |3 (RuTPU)RU\TPU\subj\67670  |9 83391 
610 1 |a свойства 
610 1 |a хроматографические методы 
610 1 |a фотометрия 
610 1 |a эмульсии 
610 1 |a моющие средства 
610 1 |a ингибиторы 
610 1 |a нефть 
610 1 |a флотация 
610 1 |a коррозия 
610 1 |a учебные пособия 
675 |a 661.185(075.8)  |v 3 
700 1 |a Абрамзон  |b А. А.  |g Ариэль Абрамович 
701 1 |a Файнгольд  |b С. И.  |g Самуил Исаакович 
701 1 |a Зайченко  |b Л. П.  |g Любовь Петровна 
702 1 |a Абрамзон  |b А. А.  |g Ариэль Абрамович  |4 340 
801 1 |a RU  |b 63413507  |c 20030924  |g PSBO 
801 2 |a RU  |b 63413507  |c 20201021  |g PSBO 
942 |c BK